| 000 | 01770cam a22003735a 4500 | ||
|---|---|---|---|
| 999 |
_c26910 _d26882 |
||
| 001 | 13565038 | ||
| 005 | 20201128024357.0 | ||
| 008 | 040420s2005 enk frb 001 0 eng d | ||
| 010 | _a 2004008423 | ||
| 015 |
_aGBA4X1591 _2bnb |
||
| 016 | 7 |
_a012879444 _2Uk |
|
| 020 | _a0415338689 (softcover) | ||
| 020 | _a9780415338684 | ||
| 035 | _a(OCoLC)ocm55019381 | ||
| 040 |
_aDLC _beng _cDLC _dYDX _dUKM _dMUQ _dBAKER _dNLGGC _dDLC _dEG-ScBUE |
||
| 082 | 0 | 4 |
_a306 _bJEN _222 |
| 100 | 1 |
_aJenks, Chris. _941846 |
|
| 245 | 1 | 0 |
_aCulture / _cChris Jenks. |
| 250 | _a2nd ed. | ||
| 260 |
_aOxon ; _aNew York : _bRoutledge / Taylor & Francis, _c2005. |
||
| 300 |
_axii, 234 p. ; _c21 cm. |
||
| 490 | 0 | _aKey ideas | |
| 504 | _aIncludes bibliographical references (p. [214]-224) and index. | ||
| 505 | 0 | _aThe origins of the concept of culture in philosophy and the literary tradition -- The relation between culture and social structure -- Culture, idealism and social action -- Culture, Marxism and materialism -- Cultural stratification -- Cultural reproduction -- Subculture -- Visual culture -- Urban culture -- Culture and postmodernism -- Cultural studies : what is it? | |
| 520 | _aCulture provides a comprehensive introduction to one of the buzz words of today. It argues that we must locate it within traditions of thought and not treat it as a modern invention or discovery. | ||
| 650 | 7 |
_aCulture _xPhilosophy. _2BUEsh |
|
| 650 | 7 |
_aSocial structure. _2BUEsh _91542 |
|
| 651 | _2BUEsh | ||
| 653 |
_bCOMAME _cOctober2018 |
||
| 655 |
_vReading book _934232 |
||
| 856 | 4 | 1 |
_3Table of contents _uhttp://www.loc.gov/catdir/toc/ecip0417/2004008423.html |
| 856 | 4 | 2 |
_3Publisher description _uhttp://www.loc.gov/catdir/enhancements/fy0651/2004008423-d.html |
| 942 | _2ddc | ||